| 000 | 00696nam a2200193Ia 4500 | ||
|---|---|---|---|
| 003 | GCL | ||
| 008 | 140319s9999 xx 000 0 ara d | ||
| 040 |
_aGCL / _cGCL |
||
| 082 | 0 | 4 |
_aش ف _b791.43 _bس غ |
| 100 | 1 | _aسمير حافظ(ممثل) | |
| 245 | 1 | 0 |
_aغراميات سايس (شرائط فيديو) / _cسمير حافظ(ممثل) |
| 260 |
_aالقاهرة : _bشامل للانتاج والتوزيع الفنى |
||
| 300 |
_aا شريط فيديو: _bلو ؛ _c1\2 بوصة |
||
| 650 | 0 | 4 | _aالافلام السينمائية |
| 650 | 0 | 4 | _aالافلام العربية |
| 650 | 0 | 4 | _aالفيديو، أشرطة |
| 650 | 0 | 4 | _aالافلام الكوميدية |
| 942 |
_2ddc _cVM |
||
| 999 |
_c37396 _d37396 |
||